000 01078cam a22002653a 4500
001 2454
003 PGUSA
005 20140828083015.0
008 010101s2001||||xxu|||||s|||||000 1 eng d
040 _aPGUSA
_beng
042 _adc
050 4 _aPS
100 1 _aReeve, Arthur B.
_q(Arthur Benjamin),
_d1880-1936
245 1 4 _aThe Silent Bullet
_h[electronic resource] /
_cArthur B. Reeve
260 _bProject Gutenberg,
_c2001
505 0 _aCraig Kennedy's theories -- The silent bullet -- The scientific cracksman -- The bacteriological detective -- The deadly tube -- The seismograph adventure -- The diamond maker -- The azure ring -- "Spontaneous combustion" -- The terror in the air -- The black hand -- The artificial paradise -- The steel door.
506 _aPublic domain in the USA.
516 _aElectronic text
653 _aDetective and mystery stories, American
653 _aNew York (N.Y.) -- Fiction
653 _aChemistry teachers -- Fiction
830 0 _aProject Gutenberg
_v2454
856 4 0 _uhttp://www.gutenberg.org/ebooks/2454
942 _cEB
999 _c231791
_d231791